The Kol Insurrection of Chota-Nagpur / (Record no. 131108)

MARC details
000 -LEADER
fixed length control field 00711nam a22002297a 4500
005 - DATE AND TIME OF LATEST TRANSACTION
control field 20170124110122.0
010 ## - LIBRARY OF CONGRESS CONTROL NUMBER
LC control number 414667
020 ## - INTERNATIONAL STANDARD BOOK NUMBER
Terms of availability 14.00
035 ## - SYSTEM CONTROL NUMBER
System control number 414667
037 ## - SOURCE OF ACQUISITION
Source of stock number/acquisition Cen Lib/Ret
040 ## - CATALOGING SOURCE
Original cataloging agency DPL
Language of cataloging EN
082 ## - DEWEY DECIMAL CLASSIFICATION NUMBER
Classification number 954.53
Item number JHA
100 ## - MAIN ENTRY--PERSONAL NAME
Personal name Jha, Jagdish Chandra
9 (RLIN) 30864
245 ## - TITLE STATEMENT
Title The Kol Insurrection of Chota-Nagpur /
Statement of responsibility, etc by Jagdish Chandra Jha
260 ## - PUBLICATION, DISTRIBUTION, ETC. (IMPRINT)
Place of publication, distribution, etc Calcutta
Name of publisher, distributor, etc Thacker, Spink
Date of publication, distribution, etc 1964
270 ## - ADDRESS
Address 3, Esplande East
City Calcutta
300 ## - PHYSICAL DESCRIPTION
Extent x,242p.
Dimensions 21cm(Hb)
Accompanying material maps
500 ## - GENERAL NOTE
General note Includes bibliographical references and index
650 ## - SUBJECT ADDED ENTRY--TOPICAL TERM
Topical term or geographic name as entry element India--Chota Nāgpur
9 (RLIN) 30865
650 ## - SUBJECT ADDED ENTRY--TOPICAL TERM
Topical term or geographic name as entry element Insurrection (India : 1831-1832)
9 (RLIN) 30866
942 ## - ADDED ENTRY ELEMENTS (KOHA)
Source of classification or shelving scheme Dewey Decimal Classification
Koha item type English Books
Classification part 954.53
Call number suffix JHA
Holdings
Withdrawn status Lost status Damaged status Not for loan Home library Current library Date acquired Source of acquisition Cost, normal purchase price Total Checkouts Full call number Barcode Date last seen Copy number Cost, replacement price Price effective from Koha item type
        Central Library Central Library 13/07/2015 Cen Lib/Ret 14.00   954.53 JHA 414667 13/07/2015 1 14.00 13/07/2015 English Books

© Delhi Public Library
Hit Counter
free hit counter